| 000 | 03121nam a22005055i 4500 | ||
|---|---|---|---|
| 999 |
_c26864 _d26864 |
||
| 006 | a|||||o|||| 00| 0 | ||
| 007 | cr nn 008mamaa | ||
| 008 | 130612s2013 gw | s |||| 0|eng d | ||
| 020 |
_a9783642355974 _qOnline Resource |
||
| 072 | 7 |
_aLBB _2bicssc |
|
| 072 | 7 |
_aLAW051000 _2bisacsh |
|
| 072 | 7 |
_aLBB _2thema |
|
| 082 | 0 | 4 |
_a341.4 _223 |
| 100 | 1 | _aEngels, Urs Daniel. | |
| 245 | 1 | 0 |
_aEuropean Ship Recycling Regulation _h[electronic resource] : _bEntry-Into-Force Implications of the Hong Kong Convention / _cby Urs Daniel Engels. |
| 250 | _a1st ed. 2013. | ||
| 260 |
_aLondon _bSpringer _c2013 |
||
| 300 |
_aXIV, 318 p. _bonline resource. |
||
| 490 | 1 |
_aHamburg Studies on Maritime Affairs, International Max Planck Research School for Maritime Affairs at the University of Hamburg, _v24 |
|
| 505 | 0 | _aIntroduction -- The Hong Kong Convention -- Entry-Into-Force Provision -- European Ship Recycling Regulation -- Conclusions and Perspectives. | |
| 520 | _aThis study provides an in-depth analysis of the Hong Kong Ship Recycling Convention as adopted in May 2009 and a thorough analysis of the overall status quo of ship recycling regulations. It investigates the lack of sufficient ratifications of the Convention from both a legal and an economic perspective. The first part of the study focuses on the history of the Convention’s entry-into-force provision and the rationale behind it. Due to the fact that this provision provides a considerable additional obstacle to the Convention’s becoming legally binding, in the second part the focus of the work shifts to unilateral action in this field. An overview of the legal environment of European ship recycling legislation is followed by an analysis and evaluation of a number of proposals by the European Commission attempting to tackle the problems of current ship recycling procedures. With a particular emphasis on (planned) European measures in this regard, the analysis’ overall message is one of cautious optimism. | ||
| 650 | 0 | _aLaw of the sea. | |
| 650 | 0 | _aInternational law. | |
| 650 | 0 | _aAeronautics—Law and legislation. | |
| 650 | 0 | _aLaw—Europe. | |
| 650 | 0 | _aEnvironmental economics. | |
| 650 | 0 | _aEnvironmental law, International. | |
| 650 | 0 | _aTrade regulation. | |
| 650 | 0 | _aIndustrial organization. | |
| 650 | 1 | 4 | _aLaw of the Sea, Air and Outer Space. |
| 650 | 2 | 4 | _aEuropean Law. |
| 650 | 2 | 4 | _aEnvironmental Economics. |
| 650 | 2 | 4 | _aInternational Environmental Law. |
| 650 | 2 | 4 | _aInternational Economic Law, Trade Law. |
| 650 | 2 | 4 | _aIndustrial Organization. |
| 710 | 2 | _aSpringerLink (Online service) | |
| 773 | 0 | _tSpringer Nature eBook | |
| 776 | 0 | 8 |
_iPrinted edition: _z9783642355981 |
| 776 | 0 | 8 |
_iPrinted edition: _z9783642355967 |
| 830 | 0 |
_aHamburg Studies on Maritime Affairs, International Max Planck Research School for Maritime Affairs at the University of Hamburg, _v24 |
|
| 856 | 4 | 0 | _uhttps://doi.org/10.1007/978-3-642-35597-4 |
| 942 |
_2ddc _cEBK |
||